000 01063nas a2200325 4500
001 BR2019001865
003 BR-BrBNA
005 20231205132004.0
007 ta
008 230509b bl.|||p| |||| 00| 00por d
040 _aBR-BrBNA
_bpor
_cBiblioteca Nacional de Agricultura
041 _a(Pt)
072 _aE16; F01
100 1 _aSimioni, F.J.
100 1 _aBartz, M.L.C.
100 1 _aWildner, L. do P.
100 1 _aSpagnollo, E.
100 1 _aVeiga, M. da
100 1 _aBaretta, D.
245 1 _aIndicadores de eficiência técnica e econômica do milho cultivado em sistema plantio direto no Estado de Santa Catarina, Brasil
650 _aMILHO
650 _aADUBO ORGÂNICO
650 _aPLANTIO DIRETO
650 _aANÁLISE ECONÔMICA
650 _aCUSTO DE PRODUÇÃO
773 0 _tRevista Ceres (Brazil)
_xISSN 2177-3491
_g(May-Jun 2017), v. 64(3) p. 232-241
_wBR2019001865
856 4 0 _uhttp://www.scielo.br/pdf/rceres/v64n3/2177-3491-rceres-64-03-00232.pdf
909 _a202311
_bLúcia
_c55
_dLúcia Elande
942 _2AGRIS
_n0
_cANA
999 _c257839
_d257839